00413 2200157 4500001002100000005001500021008004100036020002200077035001900099082000800118090001400126100002200140245003900162260003400201650002000235INLIS00000000000908920241224113748241224||||||||| | ||| |||| ||  a978-602-317-028-9 0010-12240090890 a720 a720 DJO t0 aDjoko Wiratno,S.T00a30 Desain Rumah 2 Lantai Masa Kini aSurakartabVisi Mandiric2015 0adesain interior